| 000 | 00525nam a2200193Ia 4500 | ||
|---|---|---|---|
| 005 | 20250508160751.0 | ||
| 008 | 008 250505s9999 xx 000 0 eng d | ||
| 037 | _aTextual | ||
| 040 |
_aFEDL _beng _cFEDL |
||
| 041 |
_aeng _2eng |
||
| 084 |
_a160, BOL _qFEDL |
||
| 100 |
_aBolzano Bernard _939887 |
||
| 245 | 0 | _aTheory of science | |
| 260 |
_aCalifornia, USA _bUniversity of California Press _c1972 |
||
| 300 | _axlviii,399p. | ||
| 650 | _aLogic | ||
| 942 |
_cTEXL _h160, BOL |
||
| 999 |
_c1366501 _d1366501 |
||